000 00686cam a22002053a 4500
001 40679
003 PGUSA
005 20140828083917.0
008 120905s2012||||xxu|||||s|||||000 | eng d
040 _aPGUSA
_beng
042 _adc
100 1 _aCurtis, George Ticknor
245 1 0 _aHistory of the Origin, Formation, and Adoption of the Constitution of the United States, Vol. 2 :
_bwith notices of principle framers
_h[electronic resource] /
_cGeorge Ticknor Curtis
260 _bProject Gutenberg,
_c2012
506 _aPublic domain in the USA.
516 _aElectronic text
830 0 _aProject Gutenberg
_v40679
856 4 0 _uhttp://www.gutenberg.org/ebooks/40679
942 _cEB
999 _c269932
_d269932